[Event "XLV Badalona Open 2019"]
[Site "Badalona"]
[Date "2019.08.09"]
[Round "8.4"]
[White "Hernandez, Cristian Andres"]
[Black "Lorenzo De La Riva, Lazaro"]
[Result "1/2-1/2"]
[WhiteElo "2355"]
[BlackElo "2373"]
[Annotator "NA"]
[PlyCount "99"]
[EventDate "2019.08.02"]
[EventType "swiss"]
[EventCountry "ESP"]
[SourceTitle "playchess.com"]
[Source "ChessBase"]
[SourceQuality "1"]
[TimeControl "5400+30"]

1. d4 {[%emt 0:00:34]} d5 {[%emt 0:00:00]} 2. c4 {[%emt 0:00:40]} dxc4 {[%emt 0:00:48]} 3. Nf3 {[%emt 0:01:28]} a6 4. e3 Bg4 {[%emt 0:02:31]} 5. Bxc4 {[%emt 0:00:55]} e6 {[%emt 0:00:00]} 6. h3 {[%emt 0:04:16]} Bh5 {[%emt 0:01:17]} 7. Nc3 {[%emt 0:05:31]} Nf6 {[%emt 0:00:39]} 8. g4 {[%emt 0:01:25]} Bg6 {[%emt 0:15:15]} 9. Ne5 Nbd7 {[%emt 0:00:02]} 10. Nxg6 {[%emt 0:06:26]} hxg6 {[%emt 0:07:57]} 11. Qf3 {[%emt 0:09:15]} b5 {[%emt 0:09:03]} 12. Bb3 {[%emt 0:02:26]} c5 {[%emt 0:10:50]} 13. g5 {[%emt 0:10:50]} Nh5 {[%emt 0:06:09]} 14. Bd2 {[%emt 0:00:25]} Rb8 {[%emt 0:07:30]} 15. h4 {[%emt 0:12:19]} Qb6 {[%emt 0:02:53]} 16. dxc5 {[%emt 0:07:32]} Bxc5 {[%emt 0:05:33]} 17. Ne2 {[%emt 0:03:15]} O-O {[%emt 0:02:27]} 18. Rd1 {[%emt 0:07:04]} Rbd8 {[%emt 0:00:15]} 19. Bc3 {[%emt 0:00:38]} b4 {[%emt 0:00:48]} 20. Bd4 {[%emt 0:01:15]} Bxd4 {[%emt 0:02:26]} 21. Nxd4 {[%emt 0:09:11]} Nc5 {[%emt 0:00:13]} 22. Qc6 {[%emt 0:00:35]} Qa5 {[%emt 0:01:45]} 23. O-O {[%emt 0:03:00]} Rc8 {[%emt 0:05:59]} 24. Qd6 {[%emt 0:08:43]} Ne4 {[%emt 0:04:07]} 25. Qd7 {[%emt 0:00:51]} Nxg5 {[%emt 0:00:14]} 26. hxg5 {[%emt 0:00:47]} Qxg5+ {[%emt 0:08:03]} 27. Kh2 {[%emt 0:00:05]} Qh4+ {[%emt 0:02:25]} 28. Kg2 {[%emt 0:00:13]} Qg4+ {[%emt 0:01:03]} 29. Kh2 {[%emt 0:00:06]} Qh4+ {[%emt 0:01:30]} 30. Kg2 {[%emt 0:01:05]} Qe4+ {[%emt 0:00:10]} 31. Kh2 {[%emt 0:00:40]} Rfd8 {[%emt 0:00:05]} 32. Qe7 {[%emt 0:02:03]} Nf6 {[%emt 0:00:50]} 33. Nxe6 {[%emt 0:00:14]} Qh4+ {[%emt 0:00:38]} 34. Kg2 {[%emt 0:00:10]} Qg4+ {[%emt 0:01:15]} 35. Kh2 {[%emt 0:00:08]} Re8 {[%emt 0:00:14]} 36. Qd6 fxe6 37. Rd4 {[%emt 0:02:27]} Qh5+ {[%emt 0:00:32]} 38. Kg2 {[%emt 0:00:00]} Qg5+ {[%emt 0:00:42]} 39. Qg3 {[%emt 0:00:09]} Qxg3+ {[%emt 0:00:13]} 40. Kxg3 {[%emt 0:00:47]} a5 {[%emt 0:00:07]} 41. Kf3 {[%emt 0:00:20]} Kf7 {[%emt 0:00:21]} 42. Rd6 {[%emt 0:00:30]} Rc5 {[%emt 0:00:13]} 43. Rfd1 {[%emt 0:00:39]} g5 {[%emt 0:01:18]} 44. Ke2 {[%emt 0:00:15]} g4 {[%emt 0:00:15]} 45. R1d4 {[%emt 0:00:45]} Re5 {[%emt 0:00:20]} 46. Rc6 {[%emt 0:01:00]} Re7 {[%emt 0:00:21]} 47. Bc2 Ra7 {[%emt 0:00:06]} 48. Bb3 {[%emt 0:01:07]} Re7 {[%emt 0:01:37]} 49. Bc2 {[%emt 0:00:00]} Ra7 {[%emt 0:01:53]} 50. Bb3 1/2-1/2

[Event "XLV Badalona Open 2019"]
[Site "Badalona"]
[Date "2019.08.09"]
[Round "8.5"]
[White "Munoz, Miguel"]
[Black "Mateus, Alejandro"]
[Result "1/2-1/2"]
[WhiteElo "2511"]
[BlackElo "2334"]
[Annotator "ChessBase"]
[PlyCount "42"]
[EventDate "2019.08.02"]
[EventType "swiss"]
[EventCountry "ESP"]
[SourceTitle "playchess.com"]
[Source "ChessBase"]
[SourceQuality "1"]
[TimeControl "5400+30"]

1. e4 {[%emt 0:06:30]} d6 {[%emt 0:00:24]} 2. g3 {[%emt 0:01:33]} d5 {[%emt 0:00:11]} 3. exd5 {[%emt 0:00:13]} Qxd5 {[%emt 0:00:18]} 4. Nf3 {[%emt 0:00:08]} Bg4 {[%emt 0:01:14]} 5. Be2 Nc6 6. h3 {[%emt 0:09:51]} Bh5 {[%emt 0:00:48]} 7. Nc3 {[%emt 0:01:55]} Qd7 {[%emt 0:00:13]} 8. d4 {[%emt 0:04:12]} e6 {[%emt 0:01:32]} 9. Bf4 Nf6 {[%emt 0:07:39]} 10. g4 {[%emt 0:00:46]} Bg6 {[%emt 0:14:55]} 11. Bb5 {[%emt 0:12:54]} Bb4 {[%emt 0:04:33]} 12. Ne5 Bxc3+ 13. bxc3 {[%emt 0:03:03]} Qd5 {[%emt 0:00:36]} 14. Bxc6+ {[%emt 0:00:08]} bxc6 {[%emt 0:00:07]} 15. O-O {[%emt 0:08:51]} Rd8 {[%emt 0:13:14]} 16. c4 {[%emt 0:07:18]} Qe4 {[%emt 0:14:00]} 17. Be3 {[%emt 0:01:55]} h5 {[%emt 0:08:00]} 18. g5 {[%emt 0:13:01]} Ng4 {[%emt 0:06:20]} 19. Qf3 Nxe5 {[%emt 0:00:04]} 20. Qxe4 {[%emt 0:00:40]} Bxe4 {[%emt 0:01:52]} 21. dxe5 a6 1/2-1/2

[Event "XLV Badalona Open 2019"]
[Site "Badalona"]
[Date "2019.08.09"]
[Round "8.6"]
[White "Sreeshwan Maralakshikari"]
[Black "Panesso Rivera, Henry"]
[Result "1/2-1/2"]
[WhiteElo "2461"]
[BlackElo "2380"]
[Annotator "ChessBase"]
[PlyCount "51"]
[EventDate "2019.08.02"]
[EventType "swiss"]
[EventCountry "ESP"]
[SourceTitle "playchess.com"]
[Source "ChessBase"]
[SourceQuality "1"]
[TimeControl "5400+30"]

1. d4 {[%emt 0:00:00]} d5 {[%emt 0:00:16]} 2. c4 {[%emt 0:00:00]} c6 {[%emt 0:00:22]} 3. Nc3 {[%emt 0:00:00]} Nf6 {[%emt 0:00:19]} 4. e3 {[%emt 0:00:00]} e6 5. Nf3 {[%emt 0:00:00]} Nbd7 {[%emt 0:01:04]} 6. Qc2 {[%emt 0:00:00]} Bd6 {[%emt 0:01:27]} 7. b3 {[%emt 0:07:11]} Qe7 {[%emt 0:01:04]} 8. Bd3 {[%emt 0:00:11]} h6 {[%emt 0:03:40]} 9. Bb2 {[%emt 0:16:50]} a6 {[%emt 0:19:49]} 10. h3 {[%emt 0:07:09]} b5 11. c5 {[%emt 0:00:03]} Bc7 {[%emt 0:01:13]} 12. b4 {[%emt 0:02:08]} a5 {[%emt 0:06:04]} 13. a3 {[%emt 0:03:38]} O-O 14. Ne2 {[%emt 0:00:07]} e5 {[%emt 0:07:34]} 15. dxe5 {[%emt 0:15:59]} Nxe5 {[%emt 0:00:00]} 16. Nxe5 {[%emt 0:00:11]} Bxe5 {[%emt 0:01:05]} 17. O-O {[%emt 0:00:03]} Bxb2 {[%emt 0:07:34]} 18. Qxb2 {[%emt 0:07:12]} a4 {[%emt 0:12:52]} 19. Ng3 h5 {[%emt 0:00:09]} 20. Qd4 {[%emt 0:08:22]} Re8 {[%emt 0:00:37]} 21. Rae1 {[%emt 0:05:37]} Qe5 {[%emt 0:01:35]} 22. f4 {[%emt 0:00:03]} Qxd4 {[%emt 0:00:38]} 23. exd4 {[%emt 0:00:04]} Rxe1 {[%emt 0:00:38]} 24. Rxe1 Kf8 25. Re5 g6 26. Nh1 {Ke8} 1/2-1/2

[Event "XLV Badalona Open 2019"]
[Site "Badalona"]
[Date "2019.08.09"]
[Round "8.7"]
[White "Perez Mitjans, Orelvis"]
[Black "Cruz, Filemon"]
[Result "0-1"]
[WhiteElo "2416"]
[BlackElo "2304"]
[Annotator "NA"]
[PlyCount "113"]
[EventDate "2019.08.02"]
[EventType "swiss"]
[EventCountry "ESP"]
[SourceTitle "playchess.com"]
[Source "ChessBase"]
[SourceQuality "1"]
[TimeControl "5400+30"]

1. e4 {[%emt 0:04:27]} e6 2. d4 {[%emt 0:00:06]} d5 {[%emt 0:00:44]} 3. Nc3 {[%emt 0:00:06]} Bb4 {[%emt 0:00:52]} 4. e5 {[%emt 0:00:04]} c5 {[%emt 0:00:22]} 5. a3 {[%emt 0:00:05]} Bxc3+ {[%emt 0:00:58]} 6. bxc3 {[%emt 0:01:28]} Ne7 {[%emt 0:00:27]} 7. Nf3 {[%emt 0:00:19]} Qc7 {[%emt 0:04:19]} 8. Bd3 {[%emt 0:00:18]} b6 {[%emt 0:00:27]} 9. O-O {[%emt 0:06:07]} Ba6 {[%emt 0:00:11]} 10. Bxa6 {[%emt 0:00:30]} Nxa6 {[%emt 0:01:04]} 11. Qd3 {[%emt 0:03:46]} Nb8 {[%emt 0:06:27]} 12. a4 {[%emt 0:21:08]} Nd7 {[%emt 0:02:35]} 13. Ng5 {[%emt 0:04:27]} h6 {[%emt 0:01:18]} 14. Nh3 {[%emt 0:00:23]} Rc8 {[%emt 0:07:21]} 15. Ba3 {[%emt 0:01:53]} O-O {[%emt 0:00:42]} 16. Nf4 {[%emt 0:08:00]} Rfe8 {[%emt 0:00:33]} 17. Qh3 {[%emt 0:19:57]} Ng6 {[%emt 0:01:30]} 18. Nd3 {[%emt 0:00:52]} cxd4 {[%emt 0:07:38]} 19. f4 {[%emt 0:00:34]} Qxc3 {[%emt 0:18:40]} 20. Bd6 {[%emt 0:04:20]} Qd2 {[%emt 0:03:58]} 21. Rae1 {[%emt 0:02:40]} Nc5 {[%emt 0:01:34]} 22. Nxc5 {[%emt 0:00:11]} bxc5 {[%emt 0:01:59]} 23. f5 {[%emt 0:00:12]} exf5 {[%emt 0:24:34]} 24. Qxf5 {[%emt 0:06:45]} Nh8 {[%emt 0:04:10]} 25. Rb1 {[%emt 0:06:49]} c4 26. Rb5 {[%emt 0:00:12]} d3 {[%emt 0:03:05]} 27. cxd3 {[%emt 0:02:04]} c3 {[%emt 0:02:13]} 28. Rbb1 {[%emt 0:03:20]} Re6 {[%emt 0:00:59]} 29. Qf3 {[%emt 0:00:01]} c2 {[%emt 0:00:47]} 30. Rbc1 {[%emt 0:01:02]} d4 {[%emt 0:00:52]} 31. Kh1 {[%emt 0:01:33]} Rg6 32. Qb7 {[%emt 0:00:14]} Kh7 {[%emt 0:02:31]} 33. g3 Re8 {[%emt 0:01:09]} 34. Qc6 {[%emt 0:01:20]} Rxe5 {[%emt 0:00:17]} 35. Rxc2 {[%emt 0:01:40]} Qxd3 {[%emt 0:00:28]} 36. Rcc1 {[%emt 0:00:04]} Ree6 {[%emt 0:00:45]} 37. Rfd1 {[%emt 0:00:03]} Qe3 38. Qa8 {[%emt 0:00:04]} Rxd6 {[%emt 0:01:30]} 39. Rc8 Rgf6 {[%emt 0:00:18]} 40. Rxh8+ {[%emt 0:00:40]} Kg6 {[%emt 0:00:00]} 41. Re8 {[%emt 0:00:37]} Qf3+ {[%emt 0:00:00]} 42. Qxf3 {[%emt 0:00:12]} Rxf3 {[%emt 0:00:15]} 43. Re4 {[%emt 0:00:00]} d3 {[%emt 0:00:35]} 44. Rd2 {[%emt 0:00:02]} Rf5 {[%emt 0:00:29]} 45. Kg2 Rfd5 {[%emt 0:00:25]} 46. Kf3 {[%emt 0:01:20]} f5 {[%emt 0:00:39]} 47. Rb4 {[%emt 0:00:41]} Kf6 {[%emt 0:00:14]} 48. Rb3 {[%emt 0:00:20]} g5 {[%emt 0:00:45]} 49. Ke3 {[%emt 0:00:43]} Ke5 {[%emt 0:00:26]} 50. Rb4 {[%emt 0:00:21]} Rd4 {[%emt 0:00:21]} 51. Rb5+ {[%emt 0:00:13]} R6d5 {[%emt 0:00:30]} 52. Rb8 {[%emt 0:00:30]} Re4+ 53. Kf3 g4+ {[%emt 0:00:38]} 54. Kf2 {[%emt 0:00:06]} Rxa4 {[%emt 0:00:11]} 55. Rh8 Kd4 {[%emt 0:00:23]} 56. Rxh6 {[%emt 0:00:09]} Kc3 {[%emt 0:00:20]} 57. Rd1 {[%emt 0:00:00]} 0-1

[Event "XLV Badalona Open 2019"]
[Site "Badalona"]
[Date "2019.08.09"]
[Round "8.8"]
[White "Moncada Correa, Sara"]
[Black "Bru Rullo, Samuel"]
[Result "1/2-1/2"]
[WhiteElo "1909"]
[BlackElo "1867"]
[Annotator "NA"]
[PlyCount "42"]
[EventDate "2019.08.02"]
[EventType "swiss"]
[EventCountry "ESP"]
[SourceTitle "playchess.com"]
[Source "ChessBase"]
[SourceQuality "1"]
[TimeControl "5400+30"]

1. d4 Nf6 {[%emt 0:03:01]} 2. c4 {[%emt 0:00:41]} e6 {[%emt 0:00:51]} 3. Nf3 {[%emt 0:00:50]} c5 {[%emt 0:00:19]} 4. d5 exd5 {[%emt 0:00:09]} 5. cxd5 {[%emt 0:00:49]} d6 {[%emt 0:00:51]} 6. Nc3 g6 {[%emt 0:00:38]} 7. e4 {[%emt 0:01:40]} Bg7 {[%emt 0:00:15]} 8. h3 {[%emt 0:00:44]} O-O {[%emt 0:00:27]} 9. Bd3 {[%emt 0:02:31]} Re8 {[%emt 0:00:17]} 10. O-O {[%emt 0:01:16]} a6 {[%emt 0:08:09]} 11. a4 {[%emt 0:03:48]} Nbd7 {[%emt 0:05:39]} 12. Re1 {[%emt 0:05:01]} Nh5 {[%emt 0:01:19]} 13. Qc2 Ne5 {[%emt 0:00:20]} 14. Nxe5 {[%emt 0:01:12]} Bxe5 {[%emt 0:03:51]} 15. Ne2 {[%emt 0:14:30]} Qh4 {[%emt 0:29:41]} 16. Rf1 Bxh3 {[%emt 0:00:17]} 17. gxh3 {[%emt 0:08:35]} Qxh3 {[%emt 0:10:07]} 18. f4 {[%emt 0:07:34]} Ng3 {[%emt 0:06:41]} 19. Re1 {[%emt 0:04:51]} Nxe2+ {[%emt 0:06:46]} 20. Qxe2 {[%emt 0:00:47]} Qg3+ {[%emt 0:00:44]} 21. Kf1 Qh3+ 1/2-1/2

[Event "XLV Badalona Open 2019"]
[Site "Badalona"]
[Date "2019.08.09"]
[Round "8.9"]
[White "Malonda Rey, Albert"]
[Black "Bedoya Rosales, Luis"]
[Result "1-0"]
[WhiteElo "1806"]
[BlackElo "1924"]
[Annotator "NA"]
[PlyCount "25"]
[EventDate "2019.08.02"]
[EventType "swiss"]
[EventCountry "ESP"]
[SourceTitle "playchess.com"]
[Source "ChessBase"]
[SourceQuality "1"]
[TimeControl "5400+30"]

1. c4 {[%emt 0:00:00]} g6 {[%emt 0:03:26]} 2. Nc3 {[%emt 0:00:00]} Bg7 {[%emt 0:00:21]} 3. g3 {[%emt 0:00:00]} c5 {[%emt 0:00:06]} 4. Bg2 {[%emt 0:00:19]} Nc6 {[%emt 0:05:01]} 5. e4 {[%emt 0:00:23]} d6 {[%emt 0:01:39]} 6. Nge2 {[%emt 0:00:44]} e6 {[%emt 0:00:50]} 7. O-O {[%emt 0:00:50]} Nge7 {[%emt 0:00:34]} 8. d3 {[%emt 0:01:06]} O-O {[%emt 0:00:21]} 9. Be3 {[%emt 0:11:12]} Nd4 {[%emt 0:06:14]} 10. Rb1 {[%emt 0:00:41]} Nec6 {[%emt 0:04:40]} 11. a3 {[%emt 0:02:21]} Rb8 {[%emt 0:03:28]} 12. b4 {[%emt 0:05:55]} b6 13. Qd2 1-0

[Event "XLV Badalona Open 2019"]
[Site "Badalona"]
[Date "2019.08.09"]
[Round "8.10"]
[White "Picazo Palacios, Jose Maria"]
[Black "Alonso Gomez, Raul"]
[Result "1/2-1/2"]
[WhiteElo "1604"]
[BlackElo "1879"]
[Annotator "NA"]
[PlyCount "72"]
[EventDate "2019.08.02"]
[EventType "swiss"]
[EventCountry "ESP"]
[SourceTitle "playchess.com"]
[Source "ChessBase"]
[SourceQuality "1"]
[TimeControl "5400+30"]

1. d4 g6 2. c4 Bg7 3. Nc3 f5 4. g3 Nf6 5. Bg2 d6 6. Nh3 O-O 7. O-O e5 8. dxe5 dxe5 9. Qb3 c6 10. c5+ Kh8 11. Rd1 Qe7 12. Rd6 Na6 13. Be3 f4 14. gxf4 Bxh3 15. Bxh3 exf4 16. Bd4 Rad8 17. Rd1 Nd5 18. Nxd5 Qg5+ 19. Kf1 Bxd4 20. Rxd4 Rxd6 21. cxd6 Qe5 22. Re4 Qxe4 23. Qc3+ Kg8 24. Nf6+ Rxf6 25. f3 Qb1+ 26. Kf2 Rxd6 27. Qe5 Rd5 28. Be6+ Kf8 29. Qf6+ Ke8 30. Qf7+ Kd8 31. Qxb7 Rd1 32. Bh3 Qc1 33. Qc8+ Ke7 34. Qe6+ Kf8 35. Qf6+ Ke8 36. Qe6+ Kd8 1/2-1/2

[Event "XLV Badalona Open 2019"]
[Site "Badalona"]
[Date "2019.08.10"]
[Round "9.1"]
[White "Rojas Keim, Luis"]
[Black "Hernandez, Cristian Andres"]
[Result "0-1"]
[WhiteElo "2338"]
[BlackElo "2355"]
[Annotator "NA"]
[PlyCount "92"]
[EventDate "2019.08.02"]
[EventType "swiss"]
[EventCountry "ESP"]
[SourceTitle "playchess.com"]
[Source "ChessBase"]
[SourceQuality "1"]
[TimeControl "5400+30"]

1. e4 {[%emt 0:00:00]} c5 {[%emt 0:07:11]} 2. Nf3 {[%emt 0:00:00]} Nc6 {[%emt 0:00:40]} 3. Bb5 {[%emt 0:00:36]} g6 {[%emt 0:01:05]} 4. Bxc6 {[%emt 0:00:25]} dxc6 {[%emt 0:00:19]} 5. d3 {[%emt 0:00:11]} Bg7 {[%emt 0:00:37]} 6. Nc3 {[%emt 0:00:11]} Nf6 {[%emt 0:00:33]} 7. Be3 Nd7 {[%emt 0:01:32]} 8. Qd2 {[%emt 0:00:20]} h6 {[%emt 0:00:31]} 9. O-O {[%emt 0:04:30]} e5 {[%emt 0:11:44]} 10. a3 {[%emt 0:07:28]} b6 11. b4 Nf8 {[%emt 0:06:08]} 12. bxc5 {[%emt 0:01:11]} Ne6 13. cxb6 {[%emt 0:09:20]} axb6 {[%emt 0:00:09]} 14. Ne2 {[%emt 0:11:27]} f5 {[%emt 0:05:31]} 15. Qb4 {[%emt 0:03:39]} c5 {[%emt 0:08:15]} 16. Qb2 {[%emt 0:04:39]} O-O 17. Rab1 fxe4 {[%emt 0:06:04]} 18. dxe4 {[%emt 0:00:37]} Nd4 {[%emt 0:00:00]} 19. Bxd4 {[%emt 0:06:57]} cxd4 {[%emt 0:29:54]} 20. Qxb6 {[%emt 0:15:49]} Qe8 {[%emt 0:03:05]} 21. Qc5 {[%emt 0:07:06]} Bg4 {[%emt 0:02:38]} 22. Qc4+ {[%emt 0:02:08]} Kh8 {[%emt 0:01:09]} 23. Qd3 {[%emt 0:01:20]} Qe7 24. Rb3 Be6 {[%emt 0:02:36]} 25. Rb4 {[%emt 0:00:41]} Ra7 {[%emt 0:01:26]} 26. Nd2 {[%emt 0:05:23]} Rfa8 27. Nb3 {[%emt 0:02:16]} Rxa3 {[%emt 0:01:04]} 28. Rb6 {[%emt 0:01:26]} Rc8 {[%emt 0:02:25]} 29. Rb1 Ra2 {[%emt 0:01:25]} 30. Rc1 {[%emt 0:04:52]} Bc4 31. Qf3 {[%emt 0:04:07]} Rf8 {[%emt 0:02:11]} 32. Qg4 {[%emt 0:00:16]} h5 {[%emt 0:01:07]} 33. Qxg6 {[%emt 0:00:07]} Bxe2 {[%emt 0:00:06]} 34. Re1 Bc4 {[%emt 0:01:36]} 35. Qxh5+ {[%emt 0:01:04]} Kg8 {[%emt 0:00:03]} 36. Qd1 {[%emt 0:02:05]} Qc7 {[%emt 0:00:36]} 37. Rg6 {[%emt 0:01:00]} Qf7 {[%emt 0:00:19]} 38. Rg3 {[%emt 0:00:25]} Qxf2+ {[%emt 0:00:08]} 39. Kh1 {[%emt 0:00:00]} Qxe1+ {[%emt 0:02:29]} 40. Qxe1 {[%emt 0:00:02]} Rf1+ {[%emt 0:00:08]} 41. Qxf1 {[%emt 0:00:08]} Bxf1 {[%emt 0:00:02]} 42. Nc5 {[%emt 0:00:13]} Rxc2 {[%emt 0:01:41]} 43. Ne6 {[%emt 0:00:10]} Bc4 {[%emt 0:00:04]} 44. Rxg7+ {[%emt 0:00:36]} Kh8 {[%emt 0:00:02]} 45. Kg1 {[%emt 0:00:45]} Bxe6 {[%emt 0:00:46]} 46. Rg5 {[%emt 0:00:15]} d3 {[%emt 0:00:18]} 0-1

[Event "XLV Badalona Open 2019"]
[Site "Badalona"]
[Date "2019.08.10"]
[Round "9.2"]
[White "Mascaro March, Pedro"]
[Black "Sturt, Raven"]
[Result "1-0"]
[WhiteElo "2376"]
[BlackElo "2429"]
[Annotator "NA"]
[PlyCount "97"]
[EventDate "2019.08.02"]
[EventType "swiss"]
[EventCountry "ESP"]
[SourceTitle "playchess.com"]
[Source "ChessBase"]
[SourceQuality "1"]
[TimeControl "5400+30"]

1. d4 {[%emt 0:06:09]} Nf6 {[%emt 0:00:00]} 2. Nf3 {[%emt 0:00:08]} g6 {[%emt 0:00:09]} 3. Bg5 {[%emt 0:00:35]} Bg7 {[%emt 0:02:53]} 4. Nbd2 {[%emt 0:04:02]} d6 {[%emt 0:02:47]} 5. c3 {[%emt 0:00:27]} h6 {[%emt 0:02:51]} 6. Bh4 {[%emt 0:04:37]} O-O {[%emt 0:00:40]} 7. e4 {[%emt 0:06:31]} Nh5 {[%emt 0:02:29]} 8. Bc4 {[%emt 0:02:33]} Qe8 {[%emt 0:01:29]} 9. O-O {[%emt 0:06:40]} Nc6 10. Re1 {[%emt 0:00:46]} e5 {[%emt 0:00:50]} 11. dxe5 {[%emt 0:00:49]} dxe5 {[%emt 0:03:53]} 12. a4 Kh8 13. Qc2 Bd7 14. b4 Ne7 15. a5 g5 16. Bg3 Ng6 17. Nf1 Bf6 18. Ne3 g4 19. Nd2 Nhf4 20. f3 gxf3 21. Nxf3 Rg8 22. Qb3 Be6 23. Bxe6 fxe6 24. Kh1 h5 25. Rad1 Rg7 26. Rd2 h4 27. Bf2 Qf7 28. h3 Be7 29. Qd1 Rag8 30. Ng4 Nxg2 31. Kxg2 Nf4+ 32. Kh1 Nxh3 33. Nfh2 Qh5 34. Be3 Bg5 35. Bxg5 Qxg5 36. Qe2 Rf8 37. Qe3 Nf4 38. Red1 Rff7 39. Rg1 Qh5 40. Nf3 Rf8 41. Nfxe5 Ng6 42. Nxg6+ Rxg6 43. Qd4+ Rg7 44. Qe5 Qg6 45. Rdg2 Rf3 46. Kh2 Rd3 47. Nf2 Rg3 48. Rxg3 hxg3+ 49. Rxg3 1-0

[Event "XLV Badalona Open 2019"]
[Site "Badalona"]
[Date "2019.08.10"]
[Round "9.3"]
[White "Lorenzo De La Riva, Lazaro"]
[Black "Berdayes Ason, Dylan Isidro"]
[Result "1-0"]
[WhiteElo "2373"]
[BlackElo "2461"]
[Annotator "ChessBase"]
[PlyCount "71"]
[EventDate "2019.08.02"]
[EventType "swiss"]
[EventCountry "ESP"]
[SourceTitle "playchess.com"]
[Source "ChessBase"]
[SourceQuality "1"]
[TimeControl "5400+30"]

1. e4 {[%emt 0:00:00]} c5 {[%emt 0:13:31]} 2. Nf3 {[%emt 0:01:06]} d6 {[%emt 0:00:04]} 3. d4 cxd4 {[%emt 0:00:02]} 4. Nxd4 {[%emt 0:01:00]} Nf6 5. Nc3 {[%emt 0:00:10]} Nc6 {[%emt 0:00:32]} 6. Bg5 {[%emt 0:00:54]} e6 {[%emt 0:00:00]} 7. Qd2 {[%emt 0:00:38]} a6 {[%emt 0:00:00]} 8. O-O-O h6 9. Nxc6 {[%emt 0:01:46]} bxc6 {[%emt 0:00:08]} 10. Bf4 {[%emt 0:00:08]} d5 {[%emt 0:00:00]} 11. Qe3 {[%emt 0:00:41]} Bb4 {[%emt 0:00:00]} 12. Be2 {[%emt 0:01:12]} O-O {[%emt 0:00:00]} 13. e5 {[%emt 0:00:18]} Nd7 {[%emt 0:00:00]} 14. Qg3 {[%emt 0:11:41]} Qc7 {[%emt 0:00:00]} 15. Bxh6 {[%emt 0:03:36]} Qxe5 {[%emt 0:00:00]} 16. f4 {[%emt 0:00:06]} Qf6 {[%emt 0:00:29]} 17. Bg5 {[%emt 0:05:29]} Qg6 {[%emt 0:10:19]} 18. h4 f6 {[%emt 0:00:02]} 19. h5 {[%emt 0:06:17]} Qf7 {[%emt 0:04:46]} 20. Bh4 f5 21. h6 {[%emt 0:17:03]} g6 {[%emt 0:00:32]} 22. h7+ {[%emt 0:00:05]} Kh8 {[%emt 0:00:02]} 23. Bg5 {[%emt 0:01:28]} Bb7 {[%emt 0:09:12]} 24. Rh6 {[%emt 0:01:44]} Qg7 {[%emt 0:12:27]} 25. Rdh1 {[%emt 0:05:09]} Bd6 {[%emt 0:06:12]} 26. Be7 Qxe7 {[%emt 0:00:02]} 27. Rxg6 {[%emt 0:01:29]} Bxf4+ {[%emt 0:02:09]} 28. Qxf4 {[%emt 0:03:53]} Rf7 {[%emt 0:03:50]} 29. Qc7 Rxh7 {[%emt 0:01:26]} 30. Rxh7+ {[%emt 0:11:06]} Kxh7 {[%emt 0:06:44]} 31. Rg3 {[%emt 0:07:02]} Bc8 {[%emt 0:01:06]} 32. Qxc6 {[%emt 0:00:13]} Rb8 {[%emt 0:01:34]} 33. Nxd5 {[%emt 0:00:40]} Qf7 {[%emt 0:01:04]} 34. Qc3 {[%emt 0:03:15]} e5 {[%emt 0:01:33]} 35. Rg5 {[%emt 0:03:01]} Qe6 36. Rh5+ 1-0

[Event "XLV Badalona Open 2019"]
[Site "Badalona"]
[Date "2019.08.10"]
[Round "9.4"]
[White "Cruz, Filemon"]
[Black "Umetsubo, Cesar Hidemitsu"]
[Result "1/2-1/2"]
[WhiteElo "2304"]
[BlackElo "2406"]
[Annotator "NA"]
[PlyCount "26"]
[EventDate "2019.08.02"]
[EventType "swiss"]
[EventCountry "ESP"]
[SourceTitle "playchess.com"]
[Source "ChessBase"]
[SourceQuality "1"]
[TimeControl "5400+30"]

1. d4 d5 2. Nf3 {[%emt 0:08:32]} Nf6 {[%emt 0:00:44]} 3. c4 {[%emt 0:00:16]} e6 {[%emt 0:00:00]} 4. Nc3 {[%emt 0:00:35]} Be7 5. Bg5 h6 {[%emt 0:00:33]} 6. Bh4 {[%emt 0:00:25]} O-O {[%emt 0:00:10]} 7. e3 Ne4 {[%emt 0:09:54]} 8. Bxe7 {[%emt 0:00:35]} Qxe7 9. Qc2 {[%emt 0:00:00]} Nxc3 {[%emt 0:00:59]} 10. Qxc3 {[%emt 0:00:21]} dxc4 {[%emt 0:00:21]} 11. Bxc4 b6 12. O-O {[%emt 0:01:15]} Bb7 {[%emt 0:00:37]} 13. Be2 Rc8 1/2-1/2

[Event "XLV Badalona Open 2019"]
[Site "Badalona"]
[Date "2019.08.10"]
[Round "9.5"]
[White "Lopez Gonzalez, Abel Fabian"]
[Black "Perpinya Rofes, Lluis Maria"]
[Result "1-0"]
[WhiteElo "2355"]
[BlackElo "2319"]
[Annotator "NA"]
[PlyCount "59"]
[EventDate "2019.08.02"]
[EventType "swiss"]
[EventCountry "ESP"]
[SourceTitle "playchess.com"]
[Source "ChessBase"]
[SourceQuality "1"]
[TimeControl "5400+30"]

1. e4 {[%emt 0:13:27]} c5 {[%emt 0:00:00]} 2. Nf3 {[%emt 0:00:00]} Nc6 {[%emt 0:00:00]} 3. d4 {[%emt 0:00:00]} cxd4 {[%emt 0:00:11]} 4. Nxd4 {[%emt 0:00:00]} Nf6 {[%emt 0:00:08]} 5. Nc3 {[%emt 0:00:22]} d6 {[%emt 0:00:49]} 6. f3 {[%emt 0:00:10]} Nxd4 {[%emt 0:00:11]} 7. Qxd4 {[%emt 0:00:24]} g6 8. Bg5 {[%emt 0:00:10]} Bg7 {[%emt 0:00:59]} 9. O-O-O {[%emt 0:00:06]} O-O {[%emt 0:06:48]} 10. Qb4 {[%emt 0:00:05]} a5 {[%emt 0:08:37]} 11. Qa3 {[%emt 0:00:08]} Be6 {[%emt 0:01:05]} 12. e5 {[%emt 0:00:05]} Ne8 {[%emt 0:07:02]} 13. f4 {[%emt 0:02:44]} f6 {[%emt 0:01:22]} 14. exf6 {[%emt 0:10:30]} Nxf6 {[%emt 0:05:23]} 15. Re1 {[%emt 0:00:26]} Bf7 {[%emt 0:09:41]} 16. Bd3 {[%emt 0:12:32]} Rc8 {[%emt 0:15:34]} 17. Re2 {[%emt 0:08:46]} Qb6 {[%emt 0:01:12]} 18. Rxe7 {[%emt 0:21:46]} Rfe8 {[%emt 0:00:08]} 19. Rxe8+ {[%emt 0:13:24]} Rxe8 {[%emt 0:08:15]} 20. f5 {[%emt 0:09:59]} gxf5 {[%emt 0:14:40]} 21. Rd1 {[%emt 0:00:46]} Kh8 {[%emt 0:00:53]} 22. Bxf5 {[%emt 0:00:07]} Qf2 {[%emt 0:04:45]} 23. g4 {[%emt 0:01:10]} h6 {[%emt 0:04:05]} 24. Bd2 {[%emt 0:01:51]} d5 {[%emt 0:04:47]} 25. Nb5 {[%emt 0:01:59]} Ne4 {[%emt 0:02:39]} 26. Be3 {[%emt 0:00:33]} Qe2 {[%emt 0:00:39]} 27. Nd4 {[%emt 0:00:15]} Qxh2 28. Bd7 {[%emt 0:00:19]} Rf8 {[%emt 0:01:58]} 29. Nf5 {[%emt 0:00:15]} Qc7 {[%emt 0:02:05]} 30. Bd4 1-0